Por fin, las reacciones

Na minha lista:
Detalhes bibliográficos
Formato: Texto
Assuntos:
Tags: Adicionar Tag
Sem tags, seja o primeiro a adicionar uma tag!

MARC

LEADER 00000 a a2200000 04500
001 3932
003
040
245 |a Por fin, las reacciones  
650 |a PRODUCCION AGROPECUARIA  
650 |a ECONOMIA  
650 |a COSTA RICA  
773 |g número 17; páginas 16-18  
999 |c 29948  |d 29948